00696nam a2200217 a 4500001001000000003000900010005001700019007000300036008004100039020001800080040002500098082002500123100003400148245008200182260003900264300002000303500007300323650002400396650002600420700003200446000047316DO-SdBNP20211103122025.0ta180404s2017 dr 000 j spa d a9789945600810 aDO-SdBNPbspacBNPHU 4aRD863.5bM578ó2221 aMesa Ortiz, Secundina,d1966-10aOtros mitos de mi gente /cSecundina Mesa Ortiz ; prólogo Julián Morillo. aSanto Domingo :bSantuario,c2017. a68 p. ;c24 cm. aIncluye datos biográficos de la autora en la solapa de la cubierta 4aCuentos dominicanos 4aLiteratura dominicana1 aMorillo, Julián,epról.